LEADER 00908nam0-2200301---450- 001 990009749080403321 005 20130626112514.0 035 $a000974908 035 $aFED01000974908 035 $a(Aleph)000974908FED01 035 $a000974908 100 $a20130626d1988----km-y0itay50------ba 101 0 $aita 102 $aIT 105 $ay-------001yy 200 1 $a"Sagesse" e "honnêteté"$ela dicotomia "Forum internum" e "Forum externum" nella tematica del saggio da Montaigne a Méré$fFranco Alberto Cappelletti 210 $aPisa$cETS$d1988 215 $a47 p.$d21 cm 225 1 $aQuaderni ETS$v29 676 $a170$v21$zita 700 1$aCappelletti,$bFranco Alberto$0119926 801 0$aIT$bUNINA$gRICA$2UNIMARC 901 $aBK 912 $a990009749080403321 952 $aBusta 15 (14) 18$b54830*$fFGBC 959 $aFGBC 996 $a"Sagesse" e "honnêteté"$9833862 997 $aUNINA LEADER 01274nam a22002531i 4500 001 991002496569707536 005 20030712154847.0 008 030925s1967 it |||||||||||||||||ita 035 $ab12296909-39ule_inst 035 $aARCHE-034447$9ExL 040 $aBiblioteca Interfacoltà$bita$cA.t.i. Arché s.c.r.l. Pandora Sicilia s.r.l. 082 04$a338.9 100 1 $aD'Antonio, Mario$0120078 245 10$aCommento al programma economico nazionale :$bil programma di sviluppo economico per il quinquennio 1966-70 illustrato con note esplicative, con i resoconti e le risultanze dei dibattiti parlamentari e corredato con il testo delle principali leggi e dei documenti fondamentali della programmazione /$cMario D'Antonio 260 $a[Bologna] :$bCappelli,$c[1967] 300 $aXIX, 1262 p. ;$c24 cm 500 $aNumero monografico di: Novità librarie, n. 3(1967) 650 4$aItalia$xProgrammazione economica regionale$y1966-1970 907 $a.b12296909$b02-04-14$c08-10-03 912 $a991002496569707536 945 $aLE002 Busta C 42/13$g1$i2002000784001$lle002$o-$pE0.00$q-$rl$s- $t0$u0$v0$w0$x0$y.i12691355$z08-10-03 996 $aCommento al programma economico nazionale$9163427 997 $aUNISALENTO 998 $ale002$b08-10-03$cm$da $e-$fita$git $h0$i1